000 01005nam0a22002771 4500
001 v19\rc\1496587
005 20260406160116.0
035 _a(NLR Aleph) 005214204
090 _a5440067
_c5440067
100 _a20060620d1895 |||y0rusy50 ca
101 0 _arus
102 _aRU
105 _ay z |||||
200 1 _aХристос грешную душу к себе призывает
_f[Соч.] (Св. Тихона, еп. Воронежского)
210 _aСанкт-Петербург
_cСинод. тип.
_d1895
215 _a12 с.
309 _aБез тит. л. и обл.
700 0 _8rus
_7ca
_aТихон Задонский
_cСоколов, Тимофей Савельевич
_cепископ
_f1724-1783
_3RU\NLR\AUTH\778127
_9118044
801 0 _aRU
_bNLR
_c20060620
_gpsbo
801 0 _aRU
_bRuMoRGB
_c20060620
_2psbo
801 1 _aRU
_bProSoft-M
_c20060620
_2rusmarc
801 2 _aRU
_bNLR
_c20070126
_2rusmarc
852 _aNLR
_j18.228.8.54
942 _cBOOK
980 _aNB